000
00315nam a2200133 a 4500
005
20140414132055.0
008
100520s19uu xx 00 eng d
050
_a
REF 759.9492
_b
B78 2000
100
_a
Bernard, Bruce
245
_a
Van Gogh.
440
_a
Eyewitness books
650
_a
Van Gogh
999
_c
114289
_d
114289